[Event "Wch Seniors 16th"]
[Site "Arvier"]
[Date "2006.09.11"]
[Round "1"]
[White "Masich, Vladimir"]
[Black "Westerinen, Heikki MJ"]
[Result "0-1"]
[WhiteElo "2041"]
[BlackElo "2378"]
[PlyCount "108"]
[EventDate "2006.09.11"]
[EventType "swiss"]
[EventRounds "11"]
[EventCountry "ITA"]
[SourceTitle "CBM 114 Extra"]
[Source "ChessBase"]
[SourceDate "2006.11.03"]
[SourceVersion "1"]
[SourceVersionDate "2006.11.03"]
[SourceQuality "1"]

1. e4 e6 2. d4 d5 3. Nc3 Bb4 4. e5 Ne7 5. a3 Bxc3+ 6. bxc3 b6 7. Qg4 Ng6 8. h4 h5 9. Qg3 Ba6 10. Bxa6 Nxa6 11. Qd3 Nb8 12. Bg5 Qd7 13. Ne2 c5 14. a4 Nc6 15. 0-0 Rc8 16. Rfb1 Na5 17. Ra2 Qc6 18. Qa6 Rc7 19. g3 0-0 20. Qd3 cxd4 21. cxd4 Qc4 22. Qxc4 Nxc4 23. c3 Rfc8 24. Kg2 Kf8 25. Rb4 Ke8 26. Rb1 Kd7 27. Nc1 Na5 28. Bd2 Ne7 29. Nb3 Nxb3 30. Rxb3 Nc6 31. Rb1 Na5 32. Kf1 Nc4 33. Be1 Kc6 34. Ke2 Rb8 35. a5 a6 36. axb6 Rxb6 37. Rxb6+ Kxb6 38. Kd3 a5 39. Bd2 Ra7 40. Bc1 a4 41. Kc2 f6 42. f4 fxe5 43. dxe5 Kb5 44. Ra1 Kc5 45. Kd3 a3 46. Kc2 d4 47. cxd4+ Kxd4 48. Bd2 Nxd2 49. Kxd2 Ke4 50. Ke2 a2 51. Kf2 Kd4 52. g4 hxg4 53. Kg3 Kc3 54. Kxg4 Kb2 0-1